Золотой век Беларуси (Запис № 463356)

МАРК-запис
000 -Лідер
fixed length control field 01230 a2200241 4500
003 - Ідентифікатор контрольного номера
control field UA-OsUOA
005 - Дата та час останнього входження (трансакції)
control field 20201005111654.0
008 - Елементи даних фіксованої довжини – загальна інформація
fixed length control field 200918b un ||||| |||| 00| 0 rus d
040 ## - Джерело каталогізації
Агенція оригінальної каталогізації UA-OsUOA
Мова каталогізації ukr
Агенція, яка здійснювала перезапис UA-OsUOA
Агенція, яка здійснювала модифікацію UA-OsUOA
041 ## - Код мови
Код мови тексту/ звукової доріжки чи окремого заголовка (П) rus
080 ## - Індекс Універсальної десяткової класифікації
Індекс Універсальної десяткової класифікації (УДК) (НП) 94(476)"15"
090 ## - Локальний шифр розміщення
Класифікаційний індекс УДК 94(476)"15"
Авторський знак (НП) А39
100 ## - Основне введення – ім’я особи
Ім’я особи (НП) Акиньчиц С.
245 ## - Відомості про назву
Назва (НП) Золотой век Беларуси
Решта назви (НП) исторический информационно-просветительский сборник
Дані про відповідальність (НП) Станислав Акиньчиц
250 ## - Відомості про видання (редакцію)
Відомості про видання (редакцію) (НП) 4-те изд.
260 ## - Публікація, розповсюдження і т.п. (Вихідні дані)
Ім’я/ наймення видавництва, розповсюджувача і т.п. (П) Східноєвропейська реформація
Місце публікації, розповсюдження і т.п. (П) Киев
Дата публікації, розповсюдження і т.п. (П) 2016
300 ## - Фізичний опис
Обсяг 128 с.
Супроводжувальний матеріал ил.
520 ## - Резюме і т.п.
Резюме, реферат, анотація, тощо (НП) Книга повествует о XVI веке, эпохе Возрождения периоде наибольшего культурного, научного, экономического развития Беларуси того времени, периоде великих людей и великих событий.
650 ## - Додаткове предметне введення – тематичний термін
Джерело заголовка чи терміна UDC
Тематичний термін чи географічна назва, як елемент введення (НП) 94 Історія
942 ## - Додаткові елементи входу (Коха)
Тип елемента Koha Книги
Source of classification or shelving scheme Universal Decimal Classification
955 ## - Код типу видання за змістом
Код типу видання за змістом (НП) Науково-популярні видання
Фонди
Стан вилучень Стан втрат Джерело класифікації або схеми стелажів Стан уражень Не для кредиту Код колекції Постійне місце розташування Поточне розміщення Дата придбання Джерело придбання Вартість, звичайна ціна покупки Усього замовленно Повний номер виклику Штрих-код Дата останнього перегляду Вартість, ціна заміни Ціна ефективна від Тип елемента Koha
    Universal Decimal Classification     Колекція Пасічника І.Д. ЧЗ - Читальна зала ЧЗ - Читальна зала 18/09/2020 №17/16.09.20 25.00   94(476)"15" А39 162894 07/02/2022 25.00 18/09/2020 Книги